| 000 | 01036nam a2200241Ia 4500 | ||
|---|---|---|---|
| 999 |
_c56096 _d56096 |
||
| 001 | 23197 | ||
| 003 | GE_BSU | ||
| 005 | 20230724172221.0 | ||
| 008 | 181216s1952||||ge |||||||||||||| ||geo|| | ||
| 040 | _cGE_BSU | ||
| 041 | _ageo | ||
| 080 | _a821.112.2-2 შ-64 | ||
| 100 |
_aშილერი, ფრიდრიხ _919518 |
||
| 245 |
_aყაჩაღები ; პიკოლომინები / _cფრიდრიხ შილერი ; თარგმ. სანდრო შანშიაშვილისა. |
||
| 264 |
_aთბილისი : _bსაბჭ. მწერალი, _c1952. |
||
| 300 |
_a336 გვ. ; _c18 სმ. |
||
| 500 | _aდანართი : ბოლოსიტყვაობა და შენიშვნები : გვ. 301 | ||
| 541 | _h1ლ. 64თ. | ||
| 653 | _aყაჩაღები | ||
| 653 | _aპიკოლომინები | ||
| 700 |
_aშანშიაშვილი, სანდრო _eმთარგმნელი _919519 |
||
| 942 |
_cBK _2udc |
||